| 000 | 00728cam a2200229 a 4500 | ||
|---|---|---|---|
| 001 | 1196616 | ||
| 005 | 20180223081820.0 | ||
| 008 | 980202s1999 mau b 001 0 eng | ||
| 010 | _a 98005535 | ||
| 020 | _a0205269036 | ||
| 040 |
_aDLC _cDLC _dDLC |
||
| 041 | _aeng | ||
| 080 | _a808.042 | ||
| 082 | 0 | 0 |
_a808.042 CRO _221 |
| 100 | 1 | _a16 | |
| 101 | _aHIS | ||
| 245 | 1 | 0 |
_aAncient rhetorics for contemporary students / _cSharon Crowley, Debra Hawhee. |
| 504 | _aIncludes bibliographical references and index. | ||
| 906 |
_a7 _bcbc _corignew _d1 _eocip _f19 _gy-gencatlg |
||
| 942 |
_2ddc _cBK |
||
| 999 |
_c43301 _d43301 |
||